Districts of the General Government of Poland in 1941 on a Map - Statistics

General Stats
  • This quiz has been taken 84 times
  • The average score is 3 of 5
Answers on the Map
Answers color-coded by a green-red scale on the quiz's map according to % correct below.
 
Answer Stats
Districts % Correct
Warsaw
90%
Krakow
85%
Lublin
78%
Radom
42%
Galicia
40%
No matching quizzes found
Score Distribution
Percent of People with Each Score
Percentile by Number Answered
Your Score History
You have not taken this quiz